Realidad y ambiguedad de las nociones de interdependencia, injerencia y solidaridad en al mundo actual
Gardado en:
| Autor Principal: | |
|---|---|
| Formato: | Desconocido |
| Materias: | |
| Etiquetas: |
Engadir etiqueta
Sen Etiquetas, Sexa o primeiro en etiquetar este rexistro!
|
MARC
| LEADER | 000000000a22000000004500 | ||
|---|---|---|---|
| 001 | 000765 | ||
| 041 | 0 | |a español | |
| 092 | 0 | |a Articulo 56: Ampo 2 | |
| 100 | 1 | |a Vitanovic, Slobodam | |
| 245 | 1 | 0 | |a Realidad y ambiguedad de las nociones de interdependencia, injerencia y solidaridad en al mundo actual |
| 500 | |a Artículos recopilados por Alvaro Quesada Soto | ||
| 650 | 4 | |a GLOBALIZACION | |
| 650 | 4 | |a ORGANIZACION DE LAS NACIONES UNIDAS | |
| 650 | 4 | |a COOPERACION INTERNACIONAL | |
| 773 | 0 | |t Cuadernos Americanos | |
| 773 | 0 | |g 3 | |
| 773 | 0 | |g 57 | |
| 773 | 0 | |g 1996 | |
| 773 | 0 | |g p. 227-231 | |
| 999 | |c 951 |d 951 | ||
